Julie Bowen Filmography - Statistics

General Stats
  • This quiz has been taken 20 times
    2 since last reset
  • The average score is 38 of 96
Answer Stats
Type Year Name % Correct
Film 1996 Happy Gilmore
100%
Film 2025 Happy Gilmore 2
100%
TV Show 2025 Hollywood Squares
100%
Web Series 2024 Hysteria!
100%
TV Show 2009-2020 Modern Family
100%
TV Show 2009 Monk
100%
TV Show 2022 American Dad!
50%
TV Special 2020 A Modern Farewell
50%
Film 2001 Amy's Orgasm
50%
Film 1997 An American Werewolf in Paris
50%
TV Show 2016 Better Things
50%
TV Show 2005-2008 Boston Legal
50%
TV Show 2022 Celebrity Wheel of Fortune
50%
TV Show 2015 Childrens Hospital
50%
TV Show 1993 Class of '96
50%
Film 2011 Conception
50%
Film 1996 Confessions of a Sleep Addict
50%
Film 2010 Crazy on the Outside
50%
TV Show 2021 Curb Your Enthusiasm
50%
TV Show 2000 Dawson's Creek
50%
TV Show 2019-2021 DuckTales
50%
TV Show 2000-2004 Ed
50%
TV Show 1998-1999 ER
50%
TV Show 1995 Extreme
50%
Short Film 2019 Girl Code
50%
TV Show 2023-2024 Hailey's on It!
50%
Film 2011 Horrible Bosses
50%
Film 2020 Hubie Halloween
50%
TV Show 2005 Jake in Progress
50%
Film 2001 Joe Somebody
50%
Film 2011 Jumping the Broom
50%
Film 2005 Kids in America
50%
Film 2012 Knife Fight
50%
TV Show 2018 LA to Vegas
50%
TV Show 2008 Law & Order: Special Victims Unit
50%
Film 2018 Life of the Party
50%
TV Show 1993 Lifestories: Families in Crisis
50%
TV Show 2005-2007 Lost
50%
TV Show 1992 Loving
50%
Film 2021 Mixtape
50%
Short Film 2009 Modern Family: In the Moonlight (Do Me)
50%
Film 1996 Multiplicity
50%
TV Show 2000 Oh Baby
50%
Film 2005 Partner(s)
50%
TV Show 1996 Party of Five
50%
Film 2014 Planes: Fire & Rescue
50%
TV Film 1994 Runaway Daughters
50%
Short Film 2013 Scooby-Doo! Mecha Mutt Menace
50%
TV Show 2011 Scooby-Doo! Mystery Incorporated
50%
Film 2007 Sex and Death 101
50%
Short Film 2002 Stella Shorts 1998-2002
50%
TV Show 1996 Strange Luck
50%
TV Film 2017 Tangled: Before Ever After
50%
TV Show 2017-2020 Tangled: The Series
50%
TV Show TBA Taste
50%
Film 2021 The Fallout
50%
TV Film 1999 The Last Man on Planet Earth
50%
TV Show 2017 The Mindy Project
50%
TV Show 1998, 2000 Three
50%
Film 2023 Totally Killer
50%
TV Show 2009 True Jackson, VP
50%
Film 2001 Venus and Mars
50%
Web Series 2007 Wainy Days
50%
TV Show 2008 Weeds
50%
TV Film 1994 Where Are My Children?
50%
Documentary Series 2017 Who Do You Think You Are?
50%
TV Show 2020 Who Wants to Be a Millionaire
50%
TV Show TBA Wilde Things
50%
Film 2003 You're Killing Me...
50%
TV Show 1993 Acapulco of H.E.A.T.
0%
Short Film 2012 All in for the 99%
0%
Commercial 2014 Bridgestone
0%
TV Special 2016 Disneyland 60th Anniversary TV Special
0%
Documentary Series 2006 E! True Hollywood Story
0%
Theater 2025 Fake It Until You Make It
0%
TV Show 2014, 2017 Family Guy
0%
Film 1992 Five Spot Jewel
0%
TV Special 2017 Hand in Hand: A Benefit for Hurricane Relief
0%
TV Show 2014 Hollywood Game Night
0%
TV Show 2003, 2009 Jeopardy!
0%
TV Show 2002 Justice League
0%
TV Special 2002 NBC 75th Anniversary Special
0%
Commercial 2002, 2014 Neutrogena
0%
TV Special 2010 Night of Too Many Stars: An Overbooked Concert for Autism Education
0%
Commercial 2001 officeteam.com
0%
Commercial 2012-2013 Olive Garden
0%
Web Series 2022 Play-Doh Squished
0%
TV Show 2014 Project Runway
0%
TV Show 1994 Rebel Highway
0%
TV Show 2010 Sesame Street
0%
TV Special 2018 Stand Up to Cancer
0%
TV Show 2013 Talking Bad
0%
TV Show 2018 The $100,000 Pyramid
0%
Award Show 2012 The 2012 Billboard Music Awards
0%
TV Show 2017 The Price Is Right
0%
Web Series 2020 Up to Speed with Julie Bowen
0%
No matching quizzes found
Score Distribution
Percent of People with Each Score
Percentile by Number Answered
Your Score History
You have not taken this quiz since the last reset